[Event "Hamburg HSK Summer rapid op 1st"]
[Site "Hamburg"]
[Date "2014.07.06"]
[Round "1"]
[White "Huschenbeth, Niclas"]
[Black "Koehne, Arno"]
[Result "1-0"]
[WhiteElo "2533"]
[BlackElo "2014"]
[PlyCount "69"]
[EventDate "2014.07.06"]
[EventType "swiss (rapid)"]
[EventRounds "9"]
[EventCountry "GER"]
[SourceTitle "EXT 2022"]
[Source "ChessBase"]
[SourceDate "2021.10.06"]
[SourceVersion "1"]
[SourceVersionDate "2021.10.06"]
[SourceQuality "1"]

1. e4 c6 2. d4 d5 3. e5 c5 4. dxc5 e6 5. a3 Bxc5 6. Qg4 Bf8 7. Bd3 Nc6 8. Nf3 Nge7 9. 0-0 Ng6 10. Qh5 Be7 11. Re1 Qc7 12. Nc3 a6 13. Bg5 Bxg5 14. Qxg5 h6 15. Qg3 Nce7 16. h4 0-0 17. h5 Nh8 18. Nh2 f5 19. f4 Qb6+ 20. Kh1 Qxb2 21. Ne2 Qb6 22. Qh4 Qd8 23. Rg1 Nc6 24. Qh3 b5 25. g4 Ne7 26. Nd4 Qb6 27. c3 Nc6 28. gxf5 Nxd4 29. f6 Rf7 30. cxd4 Qxd4 31. fxg7 Rxg7 32. Rxg7+ Kxg7 33. Rg1+ Kf8 34. Qh4 Nf7 35. Bh7 1-0

[Event "Hannover Ihme Cup"]
[Site "Hannover"]
[Date "2013.05.04"]
[Round "3"]
[White "Koehne, Arno"]
[Black "Spiess, Thomas"]
[Result "1/2-1/2"]
[WhiteElo "2011"]
[BlackElo "2036"]
[PlyCount "49"]
[EventDate "2013.05.03"]
[EventType "swiss"]
[EventRounds "5"]
[EventCountry "GER"]
[SourceTitle "EXT 2021"]
[Source "ChessBase"]
[SourceDate "2020.10.23"]
[SourceVersion "1"]
[SourceVersionDate "2020.10.23"]
[SourceQuality "1"]

1. d4 d5 2. c4 e6 3. Nf3 Nf6 4. Bg5 h6 5. Bh4 Bb4+ 6. Nc3 dxc4 7. Qa4+ Nc6 8. e3 Bd7 9. Qc2 b5 10. Be2 a6 11. 0-0 Be7 12. a3 0-0 13. Rfd1 Nd5 14. Bg3 Nxc3 15. Qxc3 Bd6 16. Bh4 g5 17. Bg3 Bxg3 18. hxg3 Qe7 19. Nd2 f5 20. b3 cxb3 21. Nxb3 b4 22. Qc1 bxa3 23. Rxa3 Rfb8 24. Nc5 Nb4 25. Nxa6 1/2-1/2

[Event "Werther Schloss op-A 9th"]
[Site "Werther"]
[Date "2003.04.13"]
[Round "4"]
[White "Koehne, Arno"]
[Black "Walkenhorst, Andreas"]
[Result "1/2-1/2"]
[WhiteElo "2035"]
[BlackElo "1939"]
[PlyCount "99"]
[EventDate "2003.04.11"]
[EventType "swiss"]
[EventRounds "5"]
[EventCountry "GER"]
[SourceTitle "CBM 093 Extra"]
[Source "ChessBase"]
[SourceDate "2003.05.09"]
[SourceVersion "1"]
[SourceVersionDate "2003.05.09"]
[SourceQuality "1"]

1. d4 e6 2. c4 f5 3. Nf3 Nf6 4. e3 d5 5. b3 c6 6. Be2 Bd6 7. 0-0 Qe7 8. Ne5 0-0 9. f4 Ne4 10. Bb2 Nd7 11. Qe1 Ndf6 12. c5 Bc7 13. b4 Bd7 14. a4 Kh8 15. Qh4 Be8 16. Rd1 Rg8 17. Nd2 g5 18. fxg5 Nxg5 19. Kh1 Qg7 20. Rg1 Bxe5 21. dxe5 Nfe4 22. Nxe4 Nxe4 23. Raf1 Qg5 24. Qxg5 Rxg5 25. Rf4 Bh5 26. Bxh5 Rxh5 27. g3 Rg8 28. Kg2 Rhg5 29. Kf3 a5 30. Ba3 Nd2+ 31. Ke2 Nc4 32. Ra1 Ra8 33. b5 cxb5 34. axb5 Rgg8 35. c6 bxc6 36. bxc6 Rgc8 37. Be7 Kg8 38. Bf6 Kf7 39. g4 Rxc6 40. gxf5 exf5 41. Rxf5 Ke6 42. Rh5 Ra7 43. Rh6 Rf7 44. Bd8+ Kd7 45. Rxc6 Kxc6 46. Bxa5 Nxe5 47. Be1 Rb7 48. Ra2 Nc4 49. Bc3 Re7 50. Bd4 1/2-1/2

[Event "Werther Schloss op-A 9th"]
[Site "Werther"]
[Date "2003.04.11"]
[Round "1"]
[White "Eisenbeiser, Amadeus"]
[Black "Koehne, Arno"]
[Result "1-0"]
[WhiteElo "2243"]
[BlackElo "2035"]
[PlyCount "109"]
[EventDate "2003.04.11"]
[EventType "swiss"]
[EventRounds "5"]
[EventCountry "GER"]
[SourceTitle "CBM 093 Extra"]
[Source "ChessBase"]
[SourceDate "2003.05.09"]
[SourceVersion "1"]
[SourceVersionDate "2003.05.09"]
[SourceQuality "1"]

1. e4 c6 2. d4 d5 3. exd5 cxd5 4. Bd3 Nf6 5. Bf4 Bg4 6. Nf3 e6 7. c3 Nbd7 8. Nbd2 Be7 9. Qb3 Qb6 10. 0-0 Qxb3 11. axb3 a6 12. Ra2 0-0 13. Rfa1 Nh5 14. Be3 Bd6 15. h3 Bxf3 16. Nxf3 Bf4 17. b4 Nb6 18. Nd2 Bxe3 19. fxe3 Rac8 20. Nb3 Nf6 21. Nc5 Rc7 22. b5 axb5 23. Bxb5 Nbd7 24. Bxd7 Nxd7 25. Ra7 Nxc5 26. dxc5 Rxc5 27. Rxb7 Rcc8 28. Raa7 g6 29. Kf2 Rb8 30. Ke2 Kg7 31. Kd3 Kf6 32. e4 Rxb7 33. Rxb7 Ke5 34. exd5 Kxd5 35. b4 Kc6 36. Re7 Kd5 37. Kc2 Kc4 38. Rc7+ Kb5 39. Kb3 h5 40. c4+ Kb6 41. Re7 Rd8 42. Rxf7 Rd3+ 43. Ka4 Rd2 44. Rf6 Ra2+ 45. Kb3 Rxg2 46. Rxe6+ Kb7 47. c5 g5 48. Kc4 g4 49. hxg4 Rxg4+ 50. Kb5 Rg5 51. Re7+ Kb8 52. Kb6 Kc8 53. Ra7 Kd8 54. c6 Rg8 55. Rh7 1-0

[Event "Bad Woerishofen op 19th"]
[Site "Bad Woerishofen"]
[Date "2003.03.16"]
[Round "4"]
[White "Schoebel, Klaus"]
[Black "Koehne, Arno"]
[Result "0-1"]
[WhiteElo "1598"]
[BlackElo "2033"]
[PlyCount "54"]
[EventDate "2003.03.13"]
[EventType "swiss"]
[EventRounds "9"]
[EventCountry "GER"]
[SourceTitle "CBM 093 Extra"]
[Source "ChessBase"]
[SourceDate "2003.05.09"]
[SourceVersion "1"]
[SourceVersionDate "2003.05.09"]
[SourceQuality "1"]

1. e4 c6 2. d4 d5 3. e5 c5 4. c3 Nc6 5. Nf3 Bg4 6. Be3 Qb6 7. b3 cxd4 8. cxd4 e6 9. a3 Nge7 10. Nbd2 Nf5 11. Be2 Bxf3 12. Nxf3 Bxa3 13. 0-0 Bb2 14. Ra4 Bc3 15. g4 Nxe3 16. fxe3 h6 17. Qc2 Bb4 18. Nh4 Be7 19. Rxf7 Bxh4 20. Qg6 0-0-0 21. Qxe6+ Kb8 22. Bd1 Rhe8 23. Qf5 Bg5 24. Qd3 Re7 25. Rf1 Rc7 26. Rf3 Re8 27. Ra2 Nb4 0-1

[Event "Bad Woerishofen op 19th"]
[Site "Bad Woerishofen"]
[Date "2003.03.15"]
[Round "3"]
[White "Koehne, Arno"]
[Black "Nepple, Rolf"]
[Result "1/2-1/2"]
[WhiteElo "2030"]
[BlackElo "1570"]
[PlyCount "22"]
[EventDate "2003.03.13"]
[EventType "swiss"]
[EventRounds "9"]
[EventCountry "GER"]
[SourceTitle "CBM 093 Extra"]
[Source "ChessBase"]
[SourceDate "2003.05.09"]
[SourceVersion "1"]
[SourceVersionDate "2003.05.09"]
[SourceQuality "1"]

1. d4 d5 2. c4 e6 3. Nf3 Nd7 4. e3 Ngf6 5. Bd3 dxc4 6. Bxc4 Bd6 7. Nc3 b6 8. e4 Bb4 9. Qc2 Bb7 10. Bd3 c5 11. 0-0 cxd4 1/2-1/2

[Event "Nord West Cup 05th"]
[Site "Bad Zwischenahn"]
[Date "2003.??.??"]
[Round "5"]
[White "Muehlenhaus, Sven"]
[Black "Koehne, Arno"]
[Result "1-0"]
[WhiteElo "2193"]
[BlackElo "2030"]
[PlyCount "79"]
[EventDate "2003.02.??"]
[EventType "swiss"]
[EventRounds "7"]
[EventCountry "GER"]
[SourceTitle "EXT 2004"]
[Source "ChessBase"]
[SourceDate "2003.11.25"]
[SourceVersion "1"]
[SourceVersionDate "2003.11.25"]
[SourceQuality "1"]

1. d4 Nf6 2. Nf3 d5 3. c4 e6 4. Nc3 Nbd7 5. Bg5 Be7 6. e3 c6 7. Rc1 0-0 8. Bd3 dxc4 9. Bxc4 Nd5 10. Bxe7 Qxe7 11. 0-0 Nxc3 12. Rxc3 e5 13. Qc2 e4 14. Nd2 Nf6 15. Rb1 Bf5 16. b4 Rac8 17. b5 Kh8 18. a4 Bd7 19. Qb3 cxb5 20. axb5 b6 21. Qa3 Qxa3 22. Rxa3 Rc7 23. Rba1 Rfc8 24. Rxa7 Ne8 25. Rxc7 Nxc7 26. Nxe4 Ne8 27. Bxf7 Bxb5 28. Bxe8 Bxe8 29. Nd6 Rb8 30. Nxe8 Rxe8 31. Kf1 Kg8 32. Ra7 Rb8 33. Ke2 b5 34. Kd2 b4 35. Kc2 Rc8+ 36. Kb2 Rb8 37. Kb3 Rc8 38. Ra2 Rb8 39. Ra4 Rf8 40. f3 1-0

[Event "Nord West Cup 04th"]
[Site "Bad Zwischenahn"]
[Date "2002.??.??"]
[Round "6"]
[White "Koehne, Arno"]
[Black "Warns, Heiko"]
[Result "0-1"]
[WhiteElo "2025"]
[BlackElo "2140"]
[PlyCount "108"]
[EventDate "2002.02.??"]
[EventType "swiss"]
[EventRounds "7"]
[EventCountry "GER"]
[SourceTitle "EXT 2003"]
[Source "ChessBase"]
[SourceDate "2002.11.25"]
[SourceVersion "1"]
[SourceVersionDate "2002.11.25"]
[SourceQuality "1"]

1. d4 Nf6 2. c4 e6 3. Nf3 c5 4. e3 d5 5. Nc3 Nc6 6. dxc5 Bxc5 7. Be2 0-0 8. 0-0 a6 9. a3 dxc4 10. Bxc4 b5 11. Be2 Qe7 12. b4 Bd6 13. Qb3 Bb7 14. h3 e5 15. Rd1 e4 16. Nd2 Ne5 17. Nf1 Rac8 18. Bb2 Nc4 19. Bxc4 Rxc4 20. Rd2 Rcc8 21. Ne2 Rfd8 22. Rad1 Bc7 23. Neg3 Rxd2 24. Rxd2 Be5 25. Nf5 Qc7 26. Bxe5 Qxe5 27. Nd6 Rc7 28. Nxb7 Rxb7 29. Rd8+ Ne8 30. Qd5 Re7 31. Qa8 Re6 32. Rd5 Qc7 33. Rd8 Kf8 34. Rd4 Qc6 35. Qxc6 Rxc6 36. Rxe4 Rc3 37. Ng3 Rxa3 38. Nf5 g6 39. Nd4 Nd6 40. Rf4 Ra1+ 41. Kh2 Rb1 42. Nc6 Nc4 43. Nb8 Rxb4 44. Nxa6 Ra4 45. Nc5 Ra2 46. Ne6+ Ke7 47. Nc7 Nd6 48. Rb4 Ra5 49. Kg3 Kd7 50. Nd5 Kc6 51. Nc3 Kc5 52. Rf4 b4 53. Nb1 Ra2 54. Kf3 Rb2 0-1

[Event "Baunatal op 7th"]
[Site "Baunatal"]
[Date "2001.08.15"]
[Round "7"]
[White "Koehne, Arno"]
[Black "Blome, Thomas"]
[Result "1/2-1/2"]
[WhiteElo "2028"]
[BlackElo "1668"]
[PlyCount "24"]
[EventDate "2001.08.08"]
[EventType "swiss"]
[EventRounds "7"]
[EventCountry "GER"]
[SourceTitle "EXT 2002"]
[Source "ChessBase"]
[SourceDate "2001.11.25"]
[SourceVersion "1"]
[SourceVersionDate "2001.11.25"]
[SourceQuality "1"]

1. d4 f5 2. c4 Nf6 3. g3 e6 4. Bg2 d5 5. cxd5 exd5 6. Nf3 Bd6 7. 0-0 c6 8. Ne5 Qe7 9. f4 0-0 10. Nc3 Kh8 11. a3 Ne4 12. e3 Bd7 1/2-1/2

[Event "Baunatal op 7th"]
[Site "Baunatal"]
[Date "2001.08.09"]
[Round "2"]
[White "Koehne, Arno"]
[Black "Kersten, Uwe"]
[Result "0-1"]
[WhiteElo "2028"]
[BlackElo "2354"]
[PlyCount "102"]
[EventDate "2001.08.08"]
[EventType "swiss"]
[EventRounds "7"]
[EventCountry "GER"]
[SourceTitle "EXT 2002"]
[Source "ChessBase"]
[SourceDate "2001.11.25"]
[SourceVersion "1"]
[SourceVersionDate "2001.11.25"]
[SourceQuality "1"]

1. d4 Nf6 2. c4 e6 3. Nf3 c5 4. Nc3 cxd4 5. Nxd4 a6 6. e3 Qc7 7. Be2 Be7 8. 0-0 0-0 9. Rb1 d6 10. b4 b6 11. Bf3 Bb7 12. Bxb7 Qxb7 13. Qf3 Qxf3 14. Nxf3 Rc8 15. Na4 Nbd7 16. Nb2 Ne4 17. Bd2 Ne5 18. Rfd1 Nxc4 19. Nxc4 Rxc4 20. Rdc1 Rac8 21. Rxc4 Rxc4 22. Be1 b5 23. a4 Bf6 24. axb5 axb5 25. Nd2 Nxd2 26. Bxd2 Kf8 27. Kf1 Ke7 28. Rb3 Rc2 29. Ke2 Ra2 30. Kd3 d5 31. f3 Be5 32. h3 f5 33. g4 g6 34. f4 Bd6 35. g5 e5 36. Rb1 e4+ 37. Ke2 d4 38. Rb3 Ke6 39. Kd1 Kd5 40. exd4 Kxd4 41. h4 Ra1+ 42. Ke2 Rh1 43. Be1 Bxf4 44. Ra3 Rh2+ 45. Kf1 e3 46. Ra7 Ke4 47. Rxh7 Kf3 48. Kg1 Re2 49. Kf1 Rxe1+ 50. Kxe1 Bg3+ 51. Kd1 e2+ 0-1

[Event "Baunatal op 7th"]
[Site "Baunatal"]
[Date "2001.08.08"]
[Round "1"]
[White "Poetsch, Hagen"]
[Black "Koehne, Arno"]
[Result "0-1"]
[WhiteElo "1350"]
[BlackElo "2028"]
[PlyCount "100"]
[EventDate "2001.08.08"]
[EventType "swiss"]
[EventRounds "7"]
[EventCountry "GER"]
[SourceTitle "EXT 2002"]
[Source "ChessBase"]
[SourceDate "2001.11.25"]
[SourceVersion "1"]
[SourceVersionDate "2001.11.25"]
[SourceQuality "1"]

1. e4 c6 2. d4 d5 3. Nc3 dxe4 4. Nxe4 Nd7 5. Bc4 e6 6. Nf3 Ngf6 7. Nxf6+ Nxf6 8. 0-0 Be7 9. Bf4 0-0 10. Ne5 Qb6 11. b3 Rd8 12. Be3 Qc7 13. f4 c5 14. c3 Nd5 15. Bxd5 Rxd5 16. Qf3 f6 17. Nd3 c4 18. Nc5 Bxc5 19. dxc5 cxb3 20. axb3 Bd7 21. Bd4 Bc6 22. Qe3 e5 23. fxe5 fxe5 24. c4 Rxd4 25. Qf2 h6 26. Qf5 Rd2 27. Qe6+ Kh8 28. Rf2 Rxf2 29. Kxf2 Rf8+ 30. Kg1 Rf6 31. Qg4 Bd7 32. Qg3 Qxc5+ 33. Kh1 Bc6 34. Rd1 Qf8 35. Kg1 Qe8 36. h4 Rg6 37. Qe3 Rxg2+ 38. Kf1 Qf8+ 39. Ke1 Qf6 40. Rd2 Qxh4+ 41. Kd1 Qh1+ 42. Qe1 Bf3+ 43. Kc2 Qxe1 44. Rxg2 Bxg2 45. Kb2 Qb4 46. Kc2 Be4+ 47. Kc1 Qc3+ 48. Kd1 Bd3 49. c5 Qc2+ 50. Ke1 Qe2# 0-1

[Event "Werther Schloss op-A 7th"]
[Site "Werther"]
[Date "2001.04.08"]
[Round "4"]
[White "Stoeckmann, Helmut"]
[Black "Koehne, Arno"]
[Result "1-0"]
[WhiteElo "2172"]
[BlackElo "2037"]
[PlyCount "83"]
[EventDate "2001.04.06"]
[EventType "swiss"]
[EventRounds "5"]
[EventCountry "GER"]
[SourceTitle "EXT 2002"]
[Source "ChessBase"]
[SourceDate "2001.11.25"]
[SourceVersion "1"]
[SourceVersionDate "2001.11.25"]
[SourceQuality "1"]

1. c4 Nf6 2. Nc3 d5 3. d4 e6 4. Nf3 Be7 5. Bg5 0-0 6. e3 Nbd7 7. Bd3 b6 8. 0-0 Bb7 9. cxd5 exd5 10. Rc1 c5 11. Qc2 h6 12. Bf4 Nh5 13. Bg3 Nxg3 14. hxg3 Rc8 15. Rfe1 Nf6 16. Bf5 Ra8 17. Ne5 Bc8 18. f4 Bxf5 19. Qxf5 Qc8 20. Qd3 Rd8 21. Qe2 Qe6 22. Qf3 g6 23. g4 Nd7 24. Qxd5 Nxe5 25. Qxe6 fxe6 26. dxe5 Rd2 27. Re2 Rxe2 28. Nxe2 Rd8 29. Rc2 Rd3 30. Kf2 Kf7 31. Nc3 a6 32. Ke2 Rd7 33. Rd2 Rb7 34. Ne4 Ke8 35. Kf3 Rb8 36. Rd1 Rb7 37. Rh1 Bf8 38. g5 h5 39. g4 hxg4+ 40. Kxg4 Rc7 41. Nf6+ Kf7 42. Rh7+ 1-0

[Event "Nord West Cup"]
[Site "Oldenburg"]
[Date "2000.02.11"]
[Round "2"]
[White "Koehne, Arno"]
[Black "Willms, Axel"]
[Result "1-0"]
[WhiteElo "2040"]
[BlackElo "1350"]
[PlyCount "75"]
[EventDate "2000.??.??"]
[EventType "swiss"]
[EventRounds "7"]
[EventCountry "GER"]
[SourceTitle "EXT 2002"]
[Source "ChessBase"]
[SourceDate "2001.11.25"]
[SourceVersion "1"]
[SourceVersionDate "2001.11.25"]
[SourceQuality "1"]

1. d4 Nf6 2. c4 g6 3. Nc3 Bg7 4. e4 d6 5. Nf3 0-0 6. Be2 e5 7. dxe5 dxe5 8. Qxd8 Rxd8 9. Bg5 Re8 10. Nd5 Nxd5 11. cxd5 c6 12. Bc4 cxd5 13. Bxd5 h6 14. Be3 Nd7 15. Nd2 Nf6 16. Bb3 Be6 17. Bxe6 Rxe6 18. Rc1 Ng4 19. Bc5 Rc6 20. Rc3 b6 21. Bb4 Rac8 22. Ke2 Nf6 23. Rhc1 Rxc3 24. Rxc3 Rxc3 25. Bxc3 Nd7 26. Kd3 b5 27. Bb4 Bf6 28. Nb1 Bd8 29. Nc3 a5 30. Bd6 b4 31. Nd5 Kg7 32. Kc4 f5 33. f3 fxe4 34. fxe4 h5 35. Kb5 Kh6 36. Kc6 Nf6 37. Nxf6 Bxf6 38. Kd5 1-0

[Event "Nord West Cup"]
[Site "Oldenburg"]
[Date "2000.02.10"]
[Round "1"]
[White "Mengler, Marc"]
[Black "Koehne, Arno"]
[Result "1/2-1/2"]
[WhiteElo "833"]
[BlackElo "2040"]
[PlyCount "48"]
[EventDate "2000.??.??"]
[EventType "swiss"]
[EventRounds "7"]
[EventCountry "GER"]
[SourceTitle "EXT 2002"]
[Source "ChessBase"]
[SourceDate "2001.11.25"]
[SourceVersion "1"]
[SourceVersionDate "2001.11.25"]
[SourceQuality "1"]

1. e4 c6 2. d4 d5 3. Nc3 dxe4 4. Nxe4 Nd7 5. Bf4 Ngf6 6. Nc3 e6 7. Nf3 Bb4 8. Bc4 Nb6 9. Ne5 Nxc4 10. Nxc4 Ne4 11. Qd3 Nxc3 12. bxc3 Be7 13. Rb1 Qd5 14. 0-0 0-0 15. Rfe1 f6 16. Re3 b5 17. Nd2 Re8 18. Rbe1 Bd7 19. Be5 Bd6 20. Bxd6 Qxd6 21. Ne4 Qd5 22. Rh3 h6 23. Rxh6 Kf7 24. Nxf6 Qf5 1/2-1/2